[Event "Trondheim tt U26"]
[Site "Trondheim"]
[Date "2008.04.06"]
[Round "5"]
[White "Aksnes, Aleksander Eikenes"]
[Black "Holzer, Michael"]
[Result "1/2-1/2"]
[WhiteElo "1440"]
[BlackElo "1676"]
[PlyCount "125"]
[EventDate "2008.04.05"]
[EventType "team-tourn"]
[EventRounds "5"]
[EventCountry "NOR"]
[SourceTitle "EXT 2010"]
[Source "ChessBase"]
[SourceDate "2010.11.25"]
[SourceVersion "1"]
[SourceVersionDate "2010.11.25"]
[SourceQuality "1"]

1. e4 e5 2. Nf3 Nc6 3. Bc4 Bc5 4. d3 Nf6 5. c3 a5 6. 0-0 0-0 7. d4 Bb6 8. d5 Ne7 9. Bd3 d6 10. Be3 Bxe3 11. fxe3 Ng4 12. Qe1 f5 13. c4 Ng6 14. exf5 Bxf5 15. Bxf5 Rxf5 16. h3 Nh6 17. Nbd2 c6 18. dxc6 bxc6 19. Rd1 Qc7 20. Ne4 Rd8 21. Qc3 Rff8 22. Rd2 Nf7 23. Rfd1 Ne7 24. Nfg5 Nxg5 25. Nxg5 Qc8 26. Rxd6 Rxd6 27. Rxd6 Qf5 28. Nf3 e4 29. Nd2 c5 30. Kh2 g5 31. Rh6 g4 32. hxg4 Qg5 33. Rh3 Ng6 34. Nxe4 Qe7 35. Ng3 Ne5 36. Kg1 Nxg4 37. e4 Qd7 38. Nf1 Qd6 39. Ne3 Nxe3 40. Qxe3 Rf7 41. Rg3+ Kf8 42. Qd3 Ke7 43. Qxd6+ Kxd6 44. Rf3 Rb7 45. b3 a4 46. Kf2 axb3 47. axb3 Ke5 48. Re3 Ra7 49. g3 Rb7 50. Ke2 h5 51. Kd2 Rb8 52. Kc3 Rb7 53. Re1 Rg7 54. Re3 Rg8 55. b4 cxb4+ 56. Kxb4 Kd4 57. Re1 Rb8+ 58. Ka5 Kxc4 59. e5 Kd5 60. e6 Kd6 61. e7 Re8 62. Rh1 Rxe7 63. Rxh5 1/2-1/2